Insects by Picture - Statistics

General Stats
  • This quiz has been taken 109 times
  • The average score is 14 of 18
Answer Stats
Picture Answer % Correct
Bee
99%
Ladybug
99%
Butterfly
98%
Grasshopper
95%
Wasp
95%
Ant
94%
Dragonfly
91%
Mosquito
90%
Moth
90%
Cockroach
87%
Flea
81%
Mantis
79%
Beetle
78%
Earwig
72%
Cicada
60%
Firefly
49%
Katydid
40%
Lovebug
20%
No matching quizzes found
Score Distribution
Percent of People with Each Score
Percentile by Number Answered
Your Score History
You have not taken this quiz